00513nam a2200193Ia 4500003000400000008004100004040001600045082001500061100001500076245005600091700001600147260004800163300001000211650002200221650002600243650001700269650001300286650002000299GCL140319s9999 xx 000 0 eng d aGCL / cGCL04a693.5bH R1 aHELY, M.A.10aREINFORCED CONCRETE DESIGN DATA BOOK / cHELY, M.A.1 aZIDAN, S.A. a[S.N] : bDAR AL- RATAB SL GAMEIA ، c1986 a195 P04aCIVIL ENGINEERING04aCONCRETE CONSTRUCTION04aCONSTRUCTION04aCONCRETE04aCONCRETE DESIGN